Mathematics teaching in the early years : an investigation of teacher's subject knowledge

Αποθηκεύτηκε σε:
Λεπτομέρειες βιβλιογραφικής εγγραφής
Κύριος συγγραφέας: Aubrey, Carol
Μορφή: Βιβλίο
Γλώσσα:English
Δημοσίευση: London : The Falmer Press, 1997
Θέματα:
Ετικέτες: Προσθήκη ετικέτας
Δεν υπάρχουν, Καταχωρήστε ετικέτα πρώτοι!

MARC

LEADER 00000nam a2200000 i 4500
001 1/95023
008 991202s1997 eng d
020 |a 0-7507-0597-3 
035 |l 10055107 
040 |a GR-MY-UA  |b gre  |e aacr 
041 0 |a eng 
082 0 |a 372.7044 
100 1 |a Aubrey, Carol. 
245 1 0 |a Mathematics teaching in the early years :  |b an investigation of teacher's subject knowledge /  |c Carol Aubrey 
260 |a London :   |b The Falmer Press,   |c 1997 
300 |a 210 p. 
650 0 0 |a Mathematics  |x Study and teaching (Primary) 
852 |a INST  |b RHODES  |e 19991202  |h 372.7044 AUB  |p 005400012779  |q 005400012779  |t BK  |y 0 
901 |a BIBL4-1999-3 
909 |a Ρ  |b 070019 
922 |a 4ΕΛΗ  |b 199910  |c ΚΠΣ/154  |d GLORY BOOKS 
970 |a ΚΟΥΛΑΚΙΟΤΗ  |b ΛΙΤΣΑ  |z 1999/12/02